000 01280nam a2200229Ia 4500
999 _c52002
_d52002
001 19006
003 GE_BSU
005 20220920103035.0
008 181216s2012||||ge |||||||||||||| ||geo||
040 _cGE_BSU
041 _ageo
080 _a81 დ-43
100 _aდიასამიძე, მედეა
_911649
245 _aოფიციალური საქმიანი წერის სწავლება უმაღლეს სასწავლებელში : დისერტაცია /
_cმედეა დიასამიძე; სამეცნიერო ხელმძღვანელი ნ. დოღონაძე; ბათუმის შოთა რუსთაველის სახ-ფო უნ-ტი.
264 _aბათუმი,
_c2012.
300 _a165 გვ.;
_b30 სმ.
653 _aდისერტაცია
653 _aენათმეცნიერება
653 _aოფიციალური საქმიანი წერის სწავლება უმაღლეს სასწავლებელში.
700 _aდოღონაძე, ნ.
_eსამეცნიერო ხელმძღვანელი
_911650
942 _cBK
_2udc